<?xml version="1.0" encoding="UTF-8"?>
<record
    xmlns:xsi="http://www.w3.org/2001/XMLSchema-instance"
    xsi:schemaLocation="http://www.loc.gov/MARC21/slim http://www.loc.gov/standards/marcxml/schema/MARC21slim.xsd"
    xmlns="http://www.loc.gov/MARC21/slim">

  <leader>00632nam a22001337a 4500</leader>
  <datafield tag="040" ind1=" " ind2=" ">
    <subfield code="c">RUA</subfield>
  </datafield>
  <datafield tag="082" ind1=" " ind2=" ">
    <subfield code="a">AGR HOU 2014 B547 Or.1</subfield>
  </datafield>
  <datafield tag="100" ind1=" " ind2=" ">
    <subfield code="a">HOUN SARA, &#x17A0;&#x17BD;&#x1793; &#x179F;&#x17B6;&#x179A;&#x17C9;&#x17B6;</subfield>
  </datafield>
  <datafield tag="245" ind1=" " ind2=" ">
    <subfield code="a">effect of chemical fertilizer different rate on spring onion at roy al university of agriculture , &#x17A5;&#x1791;&#x17B7;&#x17D2;&#x1792;&#x1796;&#x179B;&#x1780;&#x1798;&#x17D2;&#x179A;&#x17B7;&#x178F;&#x1787;&#x17B8;&#x1782;&#x17B8;&#x1798;&#x17B8;&#x1781;&#x17BB;&#x179F;&#x17D7;&#x1782;&#x17D2;&#x1793;&#x17B6;&#x1791;&#x17C5;&#x179B;&#x17BE;&#x178A;&#x17C6;&#x178E;&#x17B6;&#x17C6;&#x1781;&#x17D2;&#x1791;&#x17B9;&#x1798;&#x179F;&#x17D2;&#x179B;&#x17B9;&#x1780;&#x1793;&#x17C5;&#x179F;&#x17B6;&#x1780;&#x179B;&#x179C;&#x17B7;&#x1791;&#x17D2;&#x1799;&#x17B6;&#x179B;&#x17D0;&#x1799;&#x1797;&#x17BC;&#x1798;&#x17B7;&#x1793;&#x17D2;&#x1791;&#x1780;&#x179F;&#x17B7;&#x1780;&#x1798;&#x17D2;&#x1798;</subfield>
  </datafield>
  <datafield tag="260" ind1=" " ind2=" ">
    <subfield code="a">phnom penh</subfield>
    <subfield code="b">RUA</subfield>
    <subfield code="c">2014</subfield>
  </datafield>
  <datafield tag="300" ind1=" " ind2=" ">
    <subfield code="a">viiii;38p;</subfield>
    <subfield code="b">ill;</subfield>
    <subfield code="c">29cm;</subfield>
  </datafield>
  <datafield tag="856" ind1=" " ind2=" ">
    <subfield code="u">HOUN SARA</subfield>
  </datafield>
  <datafield tag="942" ind1=" " ind2=" ">
    <subfield code="c">AGR</subfield>
  </datafield>
  <datafield tag="999" ind1=" " ind2=" ">
    <subfield code="c">12268</subfield>
    <subfield code="d">12268</subfield>
  </datafield>
  <datafield tag="952" ind1=" " ind2=" ">
    <subfield code="0">0</subfield>
    <subfield code="1">0</subfield>
    <subfield code="2">ddc</subfield>
    <subfield code="4">0</subfield>
    <subfield code="6">AGR_HOU_2014_000000000000000_B547_OR_1</subfield>
    <subfield code="7">0</subfield>
    <subfield code="9">61673</subfield>
    <subfield code="a">LBB</subfield>
    <subfield code="b">LBB</subfield>
    <subfield code="c">B547</subfield>
    <subfield code="d">2017-08-11</subfield>
    <subfield code="l">1</subfield>
    <subfield code="o">AGR HOU 2014 B547 Or.1</subfield>
    <subfield code="p">A08528</subfield>
    <subfield code="r">2017-11-22</subfield>
    <subfield code="s">2017-10-13</subfield>
    <subfield code="w">2017-08-11</subfield>
    <subfield code="y">AGR</subfield>
  </datafield>
  <datafield tag="952" ind1=" " ind2=" ">
    <subfield code="0">0</subfield>
    <subfield code="1">0</subfield>
    <subfield code="2">ddc</subfield>
    <subfield code="4">0</subfield>
    <subfield code="6">AGR_HOU_2014_000000000000000_B547_OR_2</subfield>
    <subfield code="7">0</subfield>
    <subfield code="9">61674</subfield>
    <subfield code="a">LBB</subfield>
    <subfield code="b">LBB</subfield>
    <subfield code="c">B547</subfield>
    <subfield code="d">2017-08-11</subfield>
    <subfield code="o">AGR HOU 2014 B547 Or.2</subfield>
    <subfield code="p">A08072</subfield>
    <subfield code="r">2017-08-11</subfield>
    <subfield code="w">2017-08-11</subfield>
    <subfield code="y">AGR</subfield>
  </datafield>
  <datafield tag="952" ind1=" " ind2=" ">
    <subfield code="0">0</subfield>
    <subfield code="1">0</subfield>
    <subfield code="2">ddc</subfield>
    <subfield code="4">0</subfield>
    <subfield code="6">AGR_HOU_2014_000000000000000_B547_OR_3</subfield>
    <subfield code="7">0</subfield>
    <subfield code="9">61675</subfield>
    <subfield code="a">LBB</subfield>
    <subfield code="b">LBB</subfield>
    <subfield code="c">B547</subfield>
    <subfield code="d">2017-08-11</subfield>
    <subfield code="l">1</subfield>
    <subfield code="o">AGR HOU 2014 B547 Or.3</subfield>
    <subfield code="p">A08703</subfield>
    <subfield code="r">2025-07-23</subfield>
    <subfield code="s">2025-07-15</subfield>
    <subfield code="w">2017-08-11</subfield>
    <subfield code="y">AGR</subfield>
  </datafield>
  <datafield tag="952" ind1=" " ind2=" ">
    <subfield code="0">0</subfield>
    <subfield code="1">0</subfield>
    <subfield code="2">ddc</subfield>
    <subfield code="4">0</subfield>
    <subfield code="6">AGR_HOU_2014_000000000000000_B547_OR_4</subfield>
    <subfield code="7">0</subfield>
    <subfield code="9">61676</subfield>
    <subfield code="a">LBB</subfield>
    <subfield code="b">LBB</subfield>
    <subfield code="c">B547</subfield>
    <subfield code="d">2017-08-11</subfield>
    <subfield code="o">AGR HOU 2014 B547 Or.4</subfield>
    <subfield code="p">A08782</subfield>
    <subfield code="r">2017-08-11</subfield>
    <subfield code="w">2017-08-11</subfield>
    <subfield code="y">AGR</subfield>
  </datafield>
  <datafield tag="952" ind1=" " ind2=" ">
    <subfield code="0">0</subfield>
    <subfield code="1">0</subfield>
    <subfield code="2">ddc</subfield>
    <subfield code="4">0</subfield>
    <subfield code="6">AGR_HOU_2014_000000000000000_B547_OR_5</subfield>
    <subfield code="7">0</subfield>
    <subfield code="9">61677</subfield>
    <subfield code="a">LBB</subfield>
    <subfield code="b">LBB</subfield>
    <subfield code="c">B547</subfield>
    <subfield code="d">2017-08-11</subfield>
    <subfield code="o">AGR HOU 2014 B547 Or.5</subfield>
    <subfield code="p">A07870</subfield>
    <subfield code="r">2017-08-11</subfield>
    <subfield code="w">2017-08-11</subfield>
    <subfield code="y">AGR</subfield>
  </datafield>
  <datafield tag="952" ind1=" " ind2=" ">
    <subfield code="0">0</subfield>
    <subfield code="1">0</subfield>
    <subfield code="2">ddc</subfield>
    <subfield code="4">0</subfield>
    <subfield code="6">AGR_HOU_2014_000000000000000_B547_OR_6</subfield>
    <subfield code="7">0</subfield>
    <subfield code="9">61678</subfield>
    <subfield code="a">LBB</subfield>
    <subfield code="b">LBB</subfield>
    <subfield code="c">B547</subfield>
    <subfield code="d">2017-08-11</subfield>
    <subfield code="l">1</subfield>
    <subfield code="o">AGR HOU 2014 B547 Or.6</subfield>
    <subfield code="p">A08576</subfield>
    <subfield code="r">2018-11-19</subfield>
    <subfield code="s">2018-11-12</subfield>
    <subfield code="w">2017-08-11</subfield>
    <subfield code="y">AGR</subfield>
  </datafield>
  <datafield tag="952" ind1=" " ind2=" ">
    <subfield code="0">0</subfield>
    <subfield code="1">0</subfield>
    <subfield code="2">ddc</subfield>
    <subfield code="4">0</subfield>
    <subfield code="6">AGR_HOU_2014_000000000000000_B547_OR_7</subfield>
    <subfield code="7">0</subfield>
    <subfield code="9">61679</subfield>
    <subfield code="a">LBB</subfield>
    <subfield code="b">LBB</subfield>
    <subfield code="c">B547</subfield>
    <subfield code="d">2017-08-11</subfield>
    <subfield code="l">2</subfield>
    <subfield code="o">AGR HOU 2014 B547 Or.7</subfield>
    <subfield code="p">A08488</subfield>
    <subfield code="r">2019-06-03</subfield>
    <subfield code="s">2019-04-26</subfield>
    <subfield code="w">2017-08-11</subfield>
    <subfield code="y">AGR</subfield>
  </datafield>
  <datafield tag="952" ind1=" " ind2=" ">
    <subfield code="0">0</subfield>
    <subfield code="1">0</subfield>
    <subfield code="2">ddc</subfield>
    <subfield code="4">0</subfield>
    <subfield code="6">AGR_HOU_2014_000000000000000_B547_OR_8</subfield>
    <subfield code="7">0</subfield>
    <subfield code="9">61680</subfield>
    <subfield code="a">LBB</subfield>
    <subfield code="b">LBB</subfield>
    <subfield code="c">B547</subfield>
    <subfield code="d">2017-08-11</subfield>
    <subfield code="l">3</subfield>
    <subfield code="o">AGR HOU 2014 B547 Or.8</subfield>
    <subfield code="p">A08777</subfield>
    <subfield code="r">2023-07-06</subfield>
    <subfield code="s">2023-07-05</subfield>
    <subfield code="w">2017-08-11</subfield>
    <subfield code="y">AGR</subfield>
  </datafield>
</record>
